00648nam a2200241 a 4500001001300000003000900013005001700022008004100039020001000080082001900090100001400109245002600123260003700149300000900186500003500195505001000230650002500240700001400265902000800279942000700287952009700294999001500391nice12345678IN_TiNIC20260116011522.0050524s1925 lona grp 000 0 eng  ac10000a909.04927bMOT aMott, J R aMoslem World of Today aLondonbHodder & Stoughtonc1925 a420p aincludes index and biblioraphy2 aIndex aCivilization-Islamic1 aMott, J R bSRS cBK 00104070aHMIbHMId2007-06-05g100.00l0o909.04927 MOTp940r2007-06-05w2026-01-16yEB c2244d2244